| 000 | 01127nam a22002897a 4500 | ||
|---|---|---|---|
| 005 | 2010091802302.0 | ||
| 008 | 100915t xxu||||| |||| 00| 0 hin d | ||
| 010 | _aHIN-91935 | ||
| 020 | _c50.00 | ||
| 035 | _aHN-64281 | ||
| 037 | _bDBAD / PUB | ||
| 040 |
_aDPL _bHN |
||
| 082 | _a821 | ||
| 100 |
_920178 _aबादल प्रयागवासी |
||
| 245 |
_aदिल ही जाने दिल की पीड़ा / _cबादल प्रयागवासी |
||
| 246 |
_aDil hee jane dil kee Peeda _bBadal prayagvashi |
||
| 260 |
_aइलाहाबाद _bप्रतिभा प्रकाशन _c2009 |
||
| 270 |
_a129/43 एम, चकिया _bइलाहाबाद _e211016 |
||
| 300 |
_a127पृ. _c22सेमी (अजिल्द) |
||
| 650 |
_91159 _aहिन्दी कविता |
||
| 650 |
_926117 _aHindi Poetry |
||
| 700 | _920179 | ||
| 700 | _920333 | ||
| 700 | _920540 | ||
| 942 |
_2ddc _cHN _mबादल _h821 |
||
| 999 |
_c50688 _d50688 |
||